000 01444nam0a2200337 4500
001 RU\NLR\ONL2\12643
005 20260408153639.0
035 _a(NLR Aleph) 009660229
090 _a13289071
_c13289071
100 _a20081101d1960 |||y0rusy50 ca
101 0 _aaze
102 _aAZ
105 _ay |||||||||
200 1 _aА. П. Чеховун журналистик фэалиjjэти
_fН. Т. Багыров, тарих елм. нам.
_gАзэрб. ССР Наз. Сов. Али вэ орта ихт. тэhс. комитэси
210 _aБакы
_cАДУ
_d1960
215 _a89 с.
_d20
541 1 _6z01790
_aЖурналистическая деятельность А. П. Чехова
_zrus
606 0 _aЖурналистика
_z19 - 20 вв.
_91130146
_3RU\NLR\AUTH\66448760
606 _aРусская литература
_z19 - 20 вв.
_9995178
_3RU\NLR\AUTH\6658715
686 1 _aШ5(2=Р)5-4Чехов1
686 1 _aЧ612.3(2)
700 1 _aБагыров
_bН. Т.
_gНусрэт Тагы оглу
_4070
702 1 _4570
_7ca
_8rus
_aЧехов
_bА. П.
_cписатель
_f1860-1904
_gАнтон Павлович
_9110414
_3RU\NLR\AUTH\77359
790 1 _6z01541
_aБагиров
_bН. Т.
_gНусрат Таги оглы
_4070
801 0 _aRU
_bNLR
_c20090204
_gPSBO
852 _aNLR
_bОНЛ
_jАзерб./2-10606
942 _cBOOK
980 _aONL_RF
980 _aNB